Comarques de Catalunya, 2 primeres lletres - Statistics

General Stats
  • This quiz has been taken 405 times
  • The average score is 20 of 42
Answers on the Map
Answers color-coded by a green-red scale on the quiz's map according to % correct below.
 
Answer Stats
Answer % Correct
Bages
92%
Baix Camp
92%
Baix Ebre
92%
Baix Empordà
92%
Baix Llobregat
92%
Baix Penedès
92%
Barcelonès
92%
Alta Ribagorça
72%
Alt Camp
72%
Alt Empordà
72%
Alt Penedès
72%
Alt Urgell
72%
Vallès Occidental
59%
Vallès Oriental
59%
Segarra
55%
Maresme
53%
Segrià
53%
Selva
53%
Gironès
48%
Pallars Jussà
42%
Pallars Sobirà
42%
Moianès
36%
Montsià
36%
Ribera d'Ebre
36%
Ripollès
36%
Aran
33%
Garraf
33%
Garrigues
33%
Garrotxa
33%
Tarragonès
33%
Cerdanya
31%
Berguedà
30%
Noguera
27%
Osona
25%
Pla de l'Estany
24%
Pla d'Urgell
24%
Terra Alta
23%
Anoia
20%
Solsonès
20%
Urgell
20%
Priorat
13%
Conca de Barberà
11%
No matching quizzes found
Score Distribution
Percent of People with Each Score
Percentile by Number Answered
Your Score History
You have not taken this quiz